The splendid art of decorating eggs.

Bibliographic Details
Main Author: Disney, Rosemary
Format: Book
Language:English
Published: Great Neck, N.Y. : Hearthside Press, [1972]
Subjects:

MARC

Tag First Indicator Second Indicator Subfields
LEADER 00000cam a2200000 4500
001 in00000094355
005 20150927110434.0
008 720410s1972 nyua 00100 eng
010 |a  77185808  
035 |a (OCoLC)00293155 
035 |9 AAL6220AM 
037 |c $10.00 
040 |a DLC  |c DLC  |d TXA  |d UtOrBLW 
049 |a TXAM  |c [921647] 
050 0 0 |a TT896.7  |b .D58 
082 0 |a 745.59/4 
100 1 |a Disney, Rosemary. 
245 1 4 |a The splendid art of decorating eggs. 
264 1 |a Great Neck, N.Y. :  |b Hearthside Press,  |c [1972] 
300 |a 192 pages :  |b illustrations ;  |c 25 cm. 
336 |a text  |b txt  |2 rdacontent 
337 |a unmediated  |b n  |2 rdamedia 
338 |a volume  |b nc  |2 rdacarrier 
650 0 |a Egg decoration. 
740 0 |a Decorating eggs. 
999 |a MARS 
999 f f |s 8f15addc-8898-34f6-9222-f0cc835d305d  |i 2817663e-594d-3bcd-b969-12baff6b37dd  |t 0 
952 f f |p ric  |a Texas A&M University  |b Rellis Campus  |c Joint Library Facility  |d Remote Storage  |t 0  |e TT896.7 .D58  |h Library of Congress classification  |i unmediated -- volume  |m A14805667171 
998 f f |a TT896.7 .D58  |t 0  |l Remote Storage